LEADER 00923nam0-2200325---450 001 990004720300403321 005 20231212123603.0 010 $a0-521-43013-5 035 $a000472030 035 $aFED01000472030 035 $a(Aleph)000472030FED01 035 $a000472030 100 $a19990604d1993----km-y0itaa50------ba 101 0 $aeng 102 $aGB 105 $aa-------00--- 200 1 $aNarrative and event in ancient art$fedited by Peter J. Holliday 210 $aCambridge$cCambridge University Press$d1993 215 $aXVI, 368 p.$c95 ill.$d26 cm 610 0 $aArte antica$aTemi e motivi 676 $a709.01$v22 676 $a709.3$v22 702 1$aHolliday,$bPeter J. 801 0$aIT$bUNINA$gRICA$2UNIMARC 901 $aBK 912 $a990004720300403321 952 $a709.01 HOLP 01$bBibl.21315$fFLFBC 959 $aFLFBC 996 $aNarrative and event in ancient art$9557708 997 $aUNINA LEADER 02373nam0 2200565 i 450 001 VAN0124057 005 20230704103014.698 017 70$2N$a9783319646121 100 $a20191007d2017 |0itac50 ba 101 $aeng 102 $aCH 105 $a|||| ||||| 200 1 $aQuantum Theory, Groups and Representations$ean introduction$fPeter Woit 210 $aCham$cSpringer$d2017 215 $axxii, 668 p.$cill.$d24 cm 500 1$3VAN0235910$aQuantum Theory, Groups and Representations$91562490 606 $a81-XX$xQuantum theory [MSC 2020]$3VANC019967$2MF 606 $a81Sxx$xGeneral quantum mechanics and problems of quantization [MSC 2020]$3VANC023415$2MF 606 $a81Rxx$xGroups and algebras in quantum theory [MSC 2020]$3VANC031461$2MF 610 $aFermionic oscillator$9KW:K 610 $aFourier analysis and free particle$9KW:K 610 $aHamiltonian vector fields$9KW:K 610 $aHeisenberg group$9KW:K 610 $aLie Algebras$9KW:K 610 $aLie algebra representations$9KW:K 610 $aLie groups$9KW:K 610 $aMetaplectic representation$9KW:K 610 $aMomentum and free particle$9KW:K 610 $aPoisson bracket and symplectic geometry$9KW:K 610 $aQuantization$9KW:K 610 $aQuantum Field Theory$9KW:K 610 $aQuantum free particle$9KW:K 610 $aQuantum mechanics$9KW:K 610 $aRepresentation Theory$9KW:K 610 $aRotation and spin groups$9KW:K 610 $aSchroedinger representation$9KW:K 610 $aStandard Model of particle physics$9KW:K 610 $aTwo-state systems$9KW:K 610 $aUnitary group representations$9KW:K 620 $aCH$dCham$3VANL001889 700 1$aWoit$bPeter$3VANV095532$0767475 712 $aSpringer $3VANV108073$4650 801 $aIT$bSOL$c20240614$gRICA 856 4 $uhttp://doi.org/10.1007/978-3-319-64612-1$zE-book ? Accesso al full-text attraverso riconoscimento IP di Ateneo, proxy e/o Shibboleth 899 $aBIBLIOTECA DEL DIPARTIMENTO DI MATEMATICA E FISICA$1IT-CE0120$2VAN08 912 $fN 912 $aVAN0124057 950 $aBIBLIOTECA DEL DIPARTIMENTO DI MATEMATICA E FISICA$d08CONS e-book 0864 $e08eMF864 20191007 996 $aQuantum Theory, Groups and Representations$91562490 997 $aUNICAMPANIA